000
00246nam a2200097Ia 4500
008
220204s9999 xx 000 0 und d
082
_a
82-36 TIN
_b
HER
245
4
_a
The Adventures of Tintin: Tintin and the Picaros
260
_a
Magnet
942
_c
BK
999
_c
37916
_d
37916